Semana Cultural Joaquín Costa y Jornada de Hermanamiento (Record no. 143089)

MARC details
000 -LEADER
campo de control de longitud fija 00740nam a2200205 4500
001 - NÚMERO DE CONTROL
campo de control 143089
003 - IDENTIFICADOR DE NÚMERO DE CONTROL
campo de control ES-MaACL
005 - FECHA Y HORA DE LA ÚLTIMA TRANSACCIÓN
campo de control 20230906200723.0
007 - CAMPO FIJO DE DESCRIPCIÓN FÍSICA--INFORMACIÓN GENERAL
campo de control de longitud fija t|
008 - DATOS DE LONGITUD FIJA--INFORMACIÓN GENERAL
campo de control de longitud fija 070214s1969 sp r ||||1| spa d
080 ## - NÚMERO DE LA CLASIFICACIÓN DECIMAL UNIVERSAL
Número de la Clasificación Decimal Universal 929 Costa, Joaquín
111 2# - ENTRADA PRINCIPAL--NOMBRE DE CONGRESO/REUNIÓN
Nombre de congreso/reunión o jurisdicción como elemento de entrada Semana Cultural Joaquín Costa y Jornada de Hermanamiento (
Número del congreso/reunión o número de parte o sección 1ª.
Fecha del congreso o de la firma del tratado 1969.
Sede del congreso/Lugar de la reunión Barcelona-Monzón)
9 (RLIN) 145420
245 10 - MENCIÓN DEL TÍTULO
Título Semana Cultural Joaquín Costa y Jornada de Hermanamiento
Resto del título : Barcelona-Monzón.
260 ## - PUBLICACIÓN, DISTRIBUCIÓN, ETC.
Lugar de publicación, distribución, etc. Monzón (Huesca) :
Nombre del editor, distribuidor, etc. Ayuntamiento de Monzón,
Fecha de publicación, distribución, etc. 1969.
300 ## - DESCRIPCIÓN FÍSICA
Extensión 63 p. :
Otras características físicas il. ;
Dimensiones 22 cm.
600 14 - PUNTO DE ACCESO ADICIONAL DE MATERIA--NOMBRE DE PERSONA
Nombre de persona Costa, Joaquín,
Fechas asociadas al nombre 1846-1911-
Subdivisión general Biografías
9 (RLIN) 172846
710 2# - ENTRADA AGREGADA--NOMBRE DE ENTIDAD CORPORATIVA
Nombre de entidad corporativa o nombre de jurisdicción como elemento de entrada Monzón.
Unidad subordinada Ayuntamiento.
9 (RLIN) 172192
852 ## - LOCALIZACIÓN
Ubicación ES-MaACL
Número de control de estantería C-48497
Holdings
Estatus retirado Estado de pérdida Estado de daño No para préstamo Biblioteca de origen Biblioteca actual Ubicación en estantería Fecha de adquisición Fuente de adquisición Total de préstamos Signatura topográfica completa Código de barras Visto por última vez Precio de reemplazo Tipo de ítem Koha
        Biblioteca del Ateneo de Madrid Biblioteca del Ateneo de Madrid Depósito 2 17/01/2008     C-48497 1148875 23/02/2023 23/02/2023 Libro impreso